000
00451nam a2200145Ia 4500
008
100122s9999 xx 000 0 und d
082
_b
27328
_a
823
100
_a
भागवत यशवंत
245
_a
आस किनाऱ्याची
260
_b
मनोरमा प्रकाशन
_c
1979
300
_a
227
630
_a
आस किनाऱ्याची
730
_a
आस किनाऱ्याची
942
_c
BOOK
999
_c
413403
_d
413400